<?xml version="1.0" encoding="UTF-8"?>
<collection xmlns="http://www.loc.gov/MARC21/slim">
<record>
  <controlfield tag="001">159381</controlfield>
  <controlfield tag="005">20250520135048.0</controlfield>
  <datafield tag="037" ind1=" " ind2=" ">
    <subfield code="a">GDOC-2024-30837</subfield>
  </datafield>
  <datafield tag="970" ind1=" " ind2=" ">
    <subfield code="a">GDOC-2024-30837</subfield>
  </datafield>
  <datafield tag="041" ind1=" " ind2=" ">
    <subfield code="a">spa</subfield>
  </datafield>
  <datafield tag="041" ind1=" " ind2=" ">
    <subfield code="a">eng</subfield>
  </datafield>
  <datafield tag="540" ind1=" " ind2=" ">
    <subfield code="a">by-nc-sa</subfield>
    <subfield code="b">Creative Commons</subfield>
    <subfield code="c">3.0</subfield>
    <subfield code="u">http://creativecommons.org/licenses/by-nc-sa/3.0/</subfield>
  </datafield>
  <datafield tag="260" ind1=" " ind2=" ">
    <subfield code="a">Zaragoza</subfield>
    <subfield code="b">Universidad de Zaragoza</subfield>
    <subfield code="c">2024-2025</subfield>
  </datafield>
  <datafield tag="245" ind1="0" ind2="0">
    <subfield code="9">30837</subfield>
    <subfield code="a">Intensificación en el sector cárnico y del pescado</subfield>
  </datafield>
  <datafield tag="242" ind1="0" ind2="0">
    <subfield code="9">30837</subfield>
    <subfield code="a">Enrichment in the Meat and Fish Sector</subfield>
  </datafield>
  <datafield tag="100" ind1=" " ind2=" ">
    <subfield code="0">(orcid)0000-0003-0865-4159</subfield>
    <subfield code="a">María Abenoza, Giménez</subfield>
    <subfield code="1">527367</subfield>
  </datafield>
  <datafield tag="700" ind1=" " ind2=" ">
    <subfield code="0">(orcid)0000-0002-3764-0189</subfield>
    <subfield code="a">José Antonio Beltrán, Gracia</subfield>
    <subfield code="1">114941</subfield>
  </datafield>
  <datafield tag="700" ind1=" " ind2=" ">
    <subfield code="0">(orcid)0000-0001-9660-8579</subfield>
    <subfield code="a">Juan Benito Calanche, Morales</subfield>
    <subfield code="1">631634</subfield>
  </datafield>
  <datafield tag="700" ind1=" " ind2=" ">
    <subfield code="0">(orcid)0000-0002-7629-8101</subfield>
    <subfield code="a">Diego García, Gonzalo</subfield>
    <subfield code="1">437449</subfield>
  </datafield>
  <datafield tag="700" ind1=" " ind2=" ">
    <subfield code="0">(orcid)0000-0002-4985-298X</subfield>
    <subfield code="a">Joaquina Teresa Juan, Esteban</subfield>
    <subfield code="1">139906</subfield>
  </datafield>
  <datafield tag="700" ind1=" " ind2=" ">
    <subfield code="0">(orcid)0000-0002-2266-4655</subfield>
    <subfield code="a">María Teresa Maza, Rubio</subfield>
    <subfield code="1">386797</subfield>
  </datafield>
  <datafield tag="700" ind1=" " ind2=" ">
    <subfield code="0">(orcid)0000-0002-3817-1679</subfield>
    <subfield code="a">Ana María Olaizola, Tolosana</subfield>
    <subfield code="1">118266</subfield>
  </datafield>
  <datafield tag="700" ind1=" " ind2=" ">
    <subfield code="0">(orcid)0000-0002-7179-3031</subfield>
    <subfield code="a">Miriam Oliva, Alcubierre</subfield>
    <subfield code="1">320629</subfield>
  </datafield>
  <datafield tag="830" ind1=" " ind2=" ">
    <subfield code="9">568</subfield>
  </datafield>
  <datafield tag="856" ind1="4" ind2=" ">
    <subfield code="s">9729</subfield>
    <subfield code="u">http://zaguan.unizar.es/record/159381/files/guia-30837-es.pdf</subfield>
    <subfield code="y">Guía (idioma español)</subfield>
  </datafield>
  <datafield tag="856" ind1="4" ind2=" ">
    <subfield code="s">9914</subfield>
    <subfield code="u">http://zaguan.unizar.es/record/159381/files/guia-30837-en.pdf</subfield>
    <subfield code="y">Guide (english)</subfield>
  </datafield>
  <datafield tag="521" ind1=" " ind2=" ">
    <subfield code="9">112</subfield>
    <subfield code="a">Grado en Ciencia y Tecnología de los Alimentos</subfield>
    <subfield code="b">Degree in Food Science and Technology</subfield>
  </datafield>
  <datafield tag="980" ind1=" " ind2=" ">
    <subfield code="a">GDOC</subfield>
    <subfield code="b">Sciences</subfield>
    <subfield code="b">Ciencias</subfield>
    <subfield code="c">105</subfield>
  </datafield>
</record>
</collection>